To bear witness that I am the living Son of God : (Запис № 557970)
[ простий вигляд ]
| 000 -LEADER | |
|---|---|
| fixed length control field | 01728cam a2200313Ia 4500 |
| 001 - CONTROL NUMBER | |
| control field | tobearwitnesstha01newi |
| 003 - CONTROL NUMBER IDENTIFIER | |
| control field | CaSfIA |
| 005 - DATE AND TIME OF LATEST TRANSACTION | |
| control field | 20210119103128.0 |
| 007 - PHYSICAL DESCRIPTION FIXED FIELD--GENERAL INFORMATION | |
| fixed length control field | cr|||| |
| 008 - FIXED-LENGTH DATA ELEMENTS--GENERAL INFORMATION | |
| fixed length control field | 920225s1991 vaua 001 0 eng d |
| 040 ## - CATALOGING SOURCE | |
| Original cataloging agency | DAY |
| Transcribing agency | DAY |
| Modifying agency | OCLCQ |
| -- | OCLCG |
| -- | CaSfIA |
| 035 ## - SYSTEM CONTROL NUMBER | |
| System control number | (OCoLC)25329312 |
| 043 ## - GEOGRAPHIC AREA CODE | |
| Geographic area code | n-us-ga |
| -- | e-po--- |
| 090 ## - LOCALLY ASSIGNED LC-TYPE CALL NUMBER (OCLC); LOCAL CALL NUMBER (OCLC) | |
| Classification number (OCLC) (R) ; Classification number, CALL (RLIN) (NR) | BT660.C55 |
| Local cutter number (OCLC) ; Book number/undivided call number, CALL (RLIN) | T6 1991 |
| 245 00 - TITLE STATEMENT | |
| Title | To bear witness that I am the living Son of God : |
| Medium | [electronic resource] |
| Remainder of title | reported teaching and messages to the world from Our Lord and Our Loving Mother / |
| Statement of responsibility, etc | compiled by Our Loving Mother's Children. |
| 260 ## - PUBLICATION, DISTRIBUTION, ETC. (IMPRINT) | |
| Place of publication, distribution, etc | Newington, Va. : |
| Name of publisher, distributor, etc | Our Loving Mother's Children, |
| Date of publication, distribution, etc | c1991. |
| 300 ## - PHYSICAL DESCRIPTION | |
| Extent | v. ; |
| Dimensions | 22 cm. |
| 500 ## - GENERAL NOTE | |
| General note | Cover title: "What do you ask of me? To bear witness that I am the living Son of God." |
| 506 ## - RESTRICTIONS ON ACCESS NOTE | |
| Standardized terminology for access restriction | Необхідна авторизація на https://archive.org/ (створення облікового запису безкоштовно) |
| 506 ## - RESTRICTIONS ON ACCESS NOTE | |
| Standardized terminology for access restriction | Необхідна авторизація на https://openlibrary.org/ (створення облікового запису безкоштовно) |
| 600 00 - SUBJECT ADDED ENTRY--PERSONAL NAME | |
| Personal name | Mary, |
| Titles and other words associated with a name | Blessed Virgin, Saint |
| General subdivision | Apparitions and miracles |
| Geographic subdivision | Georgia |
| -- | Conyers. |
| 600 00 - SUBJECT ADDED ENTRY--PERSONAL NAME | |
| Personal name | Mary, |
| Titles and other words associated with a name | Blessed Virgin, Saint |
| General subdivision | Apparitions and miracles |
| Geographic subdivision | Portugal |
| -- | Fátima. |
| 600 10 - SUBJECT ADDED ENTRY--PERSONAL NAME | |
| Personal name | Fowler, Nancy. |
| 651 #0 - SUBJECT ADDED ENTRY--GEOGRAPHIC NAME | |
| Geographic name | Conyers (Ga.) |
| General subdivision | Religious life and customs. |
| 740 01 - ADDED ENTRY--UNCONTROLLED RELATED/ANALYTICAL TITLE | |
| Uncontrolled related/analytical title | What do you ask of me? : To bear witness that I am the living Son of God. |
| 856 41 - ELECTRONIC LOCATION AND ACCESS | |
| Uniform Resource Identifier | <a href="http://www.archive.org/details/tobearwitnesstha01newi">http://www.archive.org/details/tobearwitnesstha01newi</a> |
| Public note | Free eBook from the Internet Archive |
| Materials specified | Volume 1 |
| 856 42 - ELECTRONIC LOCATION AND ACCESS | |
| Uniform Resource Identifier | <a href="http://www.openlibrary.org/books/OL24222064M">http://www.openlibrary.org/books/OL24222064M</a> |
| Public note | Additional information and access via Open Library |
| Materials specified | Volume 1 |
| 942 ## - ADDED ENTRY ELEMENTS (KOHA) | |
| Koha item type | ЕКнига |
Немає доступних примірників.